00898cam a2200229 a 450000100100000000500170001000800410002702000150006804000300008304300120011308200170012510000360014224501680017826000520034630000280039865000250042665000290045170000410048004900090052195201210053099900170065100002409520240510192657.0990427s1998 uy a b 000 0 spa d a9806397517 aDO-SdBNPcDLCbspadBNPHU as-ve--- a333.7bB967g1 aBuroz Castillo, Eduardo,94949813aLa gestión ambiental :bmarco de referencia para las evaluaciones de impacto ambiental /cEduardo Buroz Castillo ; presentación de Leonor Giménez de Mendoza. a[Caracas, Venezuela] :bFundacion Polar,c1998. a376 p. :bil. ;c23 cm. 0aMedio ambiente99250 4aImpacto ambiental9221721 aGiménez de Mendoza, Leonor,949499 aBNGR 001052708MOaGRbGRcCTd2011-01-18iLF1l0o333.7 B967gp24095-10r2020-06-25w2020-06-25y2ZPréstamo interno c23590d23590